Heritage counts 2007 (Record no. 107689)
[ view plain ]
| 000 -LEADER | |
|---|---|
| fixed length control field | 01312cad a22002055a 4500 |
| 001 - CONTROL NUMBER | |
| control field | L141509 |
| 008 - FIXED-LENGTH DATA ELEMENTS--GENERAL INFORMATION | |
| fixed length control field | 071128s2007 xxko f 000 0 eng d |
| 035 ## - SYSTEM CONTROL NUMBER | |
| System control number | (Sirsi) u141509 |
| 041 0# - LANGUAGE CODE | |
| Language code of text/sound track or separate title | eng |
| 050 04 - LIBRARY OF CONGRESS CALL NUMBER | |
| Classification number | 690.241 $2 18 |
| 110 2# - MAIN ENTRY--CORPORATE NAME | |
| Corporate name or jurisdiction name as entry element | English Heritage |
| 9 (RLIN) | 2714 |
| 245 00 - TITLE STATEMENT | |
| Title | Heritage counts 2007 |
| Remainder of title | England |
| Medium | [electronic resource] |
| 260 ## - PUBLICATION, DISTRIBUTION, ETC. | |
| Place of publication, distribution, etc. | [S.l.] |
| Name of publisher, distributor, etc. | English Heritage |
| Date of publication, distribution, etc. | 2007 |
| 520 ## - SUMMARY, ETC. | |
| Summary, etc. | The sixth annual survey of the state of England's historic environment charts the key changes which have occurred since 2002. Generally the situation has improved, with a slight increase in the number of listed buildings, scheduled monuments and historic parks and gardens. In addition, the proportion of Grade I and II buildings at risk dropped from 3.8% in 1999 to 3.2% in 2007. Challenges facing the sector include dealing with the most intractable buildings at risk, increasing access to the historic environment, delivering heritage protection reform, and managing decreasing resources. Includes nine separate reports for the English regions. |
| 590 ## - LOCAL NOTE (RLIN) | |
| Local note | KA |
| 651 #4 - SUBJECT ADDED ENTRY--GEOGRAPHIC NAME | |
| Geographic name | England |
| Chronological subdivision | 886- |
| 690 ## - LOCAL SUBJECT ADDED ENTRY--TOPICAL TERM (OCLC, RLIN) | |
| Topical term or geographic name as entry element | BUILT ENVIRONMENT-BUILDING TYPES-HISTORIC BUILDINGS AND ANCIENT MONUMENTS |
| 856 40 - ELECTRONIC LOCATION AND ACCESS | |
| Uniform Resource Identifier | <a href="https://www.english-heritage.org.uk/hc/">https://www.english-heritage.org.uk/hc/</a> |
| Public note | View the reports free of charge at www.english-heritage.org.uk... |
| 942 ## - ADDED ENTRY ELEMENTS (KOHA) | |
| Suppress in OPAC | 0 |
| Withdrawn status | Lost status | Source of classification or shelving scheme | Damaged status | Not for loan | Home library | Current library | Shelving location | Date acquired | Total Checkouts | Full call number | Barcode | Date last seen | Copy number | Price effective from | Koha item type |
|---|---|---|---|---|---|---|---|---|---|---|---|---|---|---|---|
| Dewey Decimal Classification | Virtual | Virtual | Online | 28/11/2007 | ONLINE PUBLICATION | 141509-2001 | 06/08/2019 | 1 | 06/08/2019 | Book |